| 000 | 00519nam a22001817a 4500 | ||
|---|---|---|---|
| 003 | LK-CoDNM | ||
| 005 | 20250109101211.0 | ||
| 008 | 250109b |||||||| |||| 00| 0 eng d | ||
| 040 |
_aLK-CoDNM _dLK-CoDNM _eLK-CoDNM |
||
| 041 | _aeng | ||
| 080 |
_a4 _bV9 |
||
| 100 | _aSharpe,Bowdler | ||
| 245 | _aCatalogue of the plataleae herodlones steganopodes , pygopodes ,alceae and mpennis | ||
| 260 |
_aLondon _bOrder of the trustees _c1898 |
||
| 300 | _axvii, 687p. : ill ; 23 cm | ||
| 650 | _aScience | ||
| 942 | _cBK | ||
| 999 |
_c235589 _d235589 |
||